[Event "XII TCh-RUS 1st League"]
[Site "Smolensk RUS"]
[Date "2005.02.05"]
[Round "4"]
[White "Yevseev,D"]
[Black "Kalugin,S"]
[Result "1-0"]
[WhiteElo "2550"]
[BlackElo "2454"]

1.d4 d5 2.c4 e6 3.Nf3 Nf6 4.g3 Be7 5.Bg2 O-O 6.O-O dxc4 7.Ne5 Nc6 8.Nxc6 bxc6
9.e3 Rb8 10.Qa4 Rb6 11.Nd2 c5 12.dxc5 Bxc5 13.Nxc4 Rb4 14.Qc2 Ba6 15.b3 Bxc4
16.bxc4 Qe7 17.Bd2 Rbb8 18.Rab1 Bb4 19.Qb2 Rb6 20.Bxb4 c5 21.a3 Rfb8 22.Qe5 cxb4
23.axb4 Qf8 24.b5 a6 25.Rfd1 axb5 26.Rxb5 Rxb5 27.cxb5 Nd5 28.Rb1 Nb6 29.Bc6 h6
30.Kg2 Qd8 31.Rd1 Qc8 32.Rd4 Qf8 33.Qc7 Qc8 34.Qa7 Nd5 35.e4 Qc7 36.Qxc7 Nxc7
37.e5 g6 38.Rb4 Kf8 39.Kf3 Ke7 40.Ke3 Na8 41.Kd4 Nb6 42.Kc5 Kd8 43.Rf4 Ke7
44.Rd4 Kf8 45.Kb4  1-0

[Event "2nd GM"]
[Site "Kish IRI"]
[Date "2005.02.06"]
[Round "7"]
[White "Gleizerov,E"]
[Black "Asanov,B"]
[Result "1/2-1/2"]
[WhiteElo "2550"]
[BlackElo "2476"]

1.d4 d5 2.c4 e6 3.Nf3 Nf6 4.g3 Be7 5.Bg2 O-O 6.O-O dxc4 7.Qc2 a6 8.a4 Bd7
9.Qxc4 Bc6 10.Bg5 Bd5 11.Qd3 Be4 12.Qc4 Bd5 13.Qd3  1/2-1/2

[Event "FSGM February"]
[Site "Budapest HUN"]
[Date "2005.02.07"]
[Round "3"]
[White "Flumbort,A"]
[Black "Almasi,I"]
[Result "0-1"]
[WhiteElo "2479"]
[BlackElo "2427"]

1.Nf3 d5 2.d4 Nf6 3.c4 e6 4.g3 Be7 5.Bg2 O-O 6.O-O Nbd7 7.Qc2 c6 8.b3 b6
9.Rd1 Ba6 10.Nbd2 Rc8 11.e4 c5 12.exd5 exd5 13.Nf1 Bb7 14.Ne3 Re8 15.Ng5 h6
16.Nh3 cxd4 17.Rxd4 Qc7 18.Nf5 Bc5 19.Bf4 Ne5 20.Bxe5 Qxe5 21.Rdd1 g6 22.Nh4 Ne4
23.Nf3 Qf6  0-1

[Event "FSIMB February"]
[Site "Budapest HUN"]
[Date "2005.02.10"]
[Round "6"]
[White "Johannesson,I"]
[Black "Lengyel,B"]
[Result "1/2-1/2"]
[WhiteElo "2315"]
[BlackElo "2313"]

1.d4 d5 2.c4 e6 3.Nf3 Nf6 4.g3 Be7 5.Bg2 O-O 6.O-O dxc4 7.Qc2 a6 8.Qxc4 b5
9.Qc2 Bb7 10.Bd2 Be4 11.Qc1 Nbd7 12.Ba5 Rc8 13.Nbd2 Ba8 14.Qc2 Qe8 15.b4 Bd6
16.Rfd1 e5 17.Nxe5 Bxg2 18.Nxd7 Nxd7 19.Kxg2 Qxe2 20.Re1 Qh5 21.Qc6  1/2-1/2

[Event "21st Open"]
[Site "Cappelle la Grande FRA"]
[Date "2005.02.13"]
[Round "2"]
[White "Chetverik,M"]
[Black "Urbaniak,P"]
[Result "1-0"]
[WhiteElo "2314"]
[BlackElo "2081"]

1.d4 Nf6 2.c4 e6 3.Nf3 d5 4.g3 Be7 5.Bg2 O-O 6.O-O Nbd7 7.Nc3 a6 8.b3 c6
9.Qc2 Bd6 10.Bf4 Bxf4 11.gxf4 Nh5 12.e3 f5 13.Rac1 h6 14.Qe2 Qe8 15.Kh1 Nhf6
16.Ne5 Nxe5 17.dxe5 Ne4 18.Na4 b5 19.Nb6 Rb8 20.c5 b4 21.Bxe4 fxe4 22.Rg1 Rf5
23.Rg3 Kh8 24.Rcg1 Rf7 25.Qh5 Bb7 26.Rg6 Qe7 27.Qg4 Re8 28.Qg2 a5 29.f5 Qf8
30.f6 gxf6 31.Qh3 Rh7 32.Nd7  1-0

[Event "Nordea Cup"]
[Site "Dianalund DEN"]
[Date "2005.02.13"]
[Round "2"]
[White "Naes,F"]
[Black "Dalberg,P"]
[Result "1-0"]
[WhiteElo "2302"]
[BlackElo "2219"]

1.d4 d5 2.c4 e6 3.Nf3 Be7 4.g3 Nf6 5.Bg2 O-O 6.O-O dxc4 7.Qa4 a6 8.Qxc4 b5
9.Qc2 Bb7 10.Bf4 Nc6 11.Nbd2 Rc8 12.a3 Nb8 13.Rac1 Nd5 14.Nb3 Nd7 15.Na5 Ba8
16.b4 c5 17.dxc5 Bxc5 18.Qd2 Nxf4 19.gxf4 Bb6 20.Rxc8 Qxc8 21.Rc1 Qe8 22.Nc6 Nf6
23.Nfe5 Kh8 24.Qd6 Nd5 25.Bxd5 exd5 26.Nd7  1-0

[Event "Bundesliga 2004-5"]
[Site "Erfurt GER"]
[Date "2005.02.13"]
[Round "11"]
[White "Hausrath,D"]
[Black "Brueggemann,Jo"]
[Result "1-0"]
[WhiteElo "2478"]
[BlackElo "2404"]

1.Nf3 Nf6 2.g3 d5 3.Bg2 e6 4.d4 Be7 5.c4 O-O 6.Qc2 c5 7.dxc5 Bxc5 8.cxd5 Bb4+
9.Bd2 Nxd5 10.O-O Bxd2 11.Nbxd2 Nc6 12.Rfd1 Bd7 13.e4 Nb6 14.e5 Rc8 15.Qe4 Qe7
16.Qg4 Kh8 17.Qh5 f5 18.exf6 gxf6 19.Ne4 Nd5 20.Rac1 Rcd8 21.Nh4 Be8 22.Qe2 Bf7
23.Nc5 Nb6 24.Nxb7 Rxd1+ 25.Qxd1 Ne5 26.f4 Nec4 27.Qe2 Nd6 28.Na5 Re8 29.Nc6 Qd7
30.Qd3 Rc8 31.Qd4 Kg7 32.Qc5 Nb7 33.Qe3 Na5 34.Nxa5  1-0

[Event "21st Open"]
[Site "Cappelle la Grande FRA"]
[Date "2005.02.14"]
[Round "4"]
[White "Raetsky,A"]
[Black "Shneider,A"]
[Result "1/2-1/2"]
[WhiteElo "2459"]
[BlackElo "2528"]

1.d4 Nf6 2.c4 e6 3.g3 d5 4.Nf3 Be7 5.Bg2 O-O 6.O-O dxc4 7.Na3 Bxa3 8.bxa3 Nc6
9.Bb2 Rb8 10.Qc2 b5 11.Rad1 h6 12.e4 Rb6 13.Rfe1 Re8 14.h3 Bb7 15.g4 Ne7
16.Ne5 Ng6 17.Nxg6 fxg6 18.f4 Qa8 19.d5 exd5 20.exd5 Rxe1+ 21.Rxe1 Nxd5 22.Bxd5+ Bxd5
23.Re7 Bf7 24.Qc3 Qf8 25.Rxc7 Rf6 26.Qe3 Qd8 27.Bxf6 Qxc7 28.Bc3 Qd6 29.Qd4 Qxd4+
30.Bxd4 a6 31.Kf2 Bd5 32.h4 Be4 33.Ke3 Bb1 34.Bc3 Bxa2 35.Kd4 Bb1 36.Kc5 Kf7
37.Kb6 Be4 38.Kxa6 Bc6 39.Kb6 Bd7 40.g5 h5 41.Kc7 Be8 42.Kd6 Kg8  1/2-1/2

[Event "FSGM February"]
[Site "Budapest HUN"]
[Date "2005.02.17"]
[Round "13"]
[White "Paschall,W"]
[Black "Flumbort,A"]
[Result "1/2-1/2"]
[WhiteElo "2403"]
[BlackElo "2479"]

1.Nf3 d5 2.d4 Nf6 3.c4 e6 4.g3 Be7 5.Bg2 O-O 6.O-O dxc4 7.Qc2 a6 8.Qxc4 b5
9.Qc2 Bb7 10.Bf4 Nd5 11.Bd2 Nc6 12.a4  1/2-1/2

[Event "Nordea Cup"]
[Site "Dianalund DEN"]
[Date "2005.02.18"]
[Round "7"]
[White "Rausis,I"]
[Black "Christensen,Sv"]
[Result "1-0"]
[WhiteElo "2500"]
[BlackElo "2193"]

1.d4 d5 2.c4 e6 3.Nf3 Nf6 4.g3 Be7 5.Bg2 O-O 6.Qc2 b6 7.O-O Bb7 8.cxd5 exd5
9.Nc3 c5 10.Bf4 Nc6 11.Rad1 c4 12.Be5 Ne8 13.h4 f6 14.Bf4 Nb4 15.Qb1 Bd6
16.Bc1 Nc7 17.b3 Rb8 18.a3 Nba6 19.bxc4 dxc4 20.e4 Qe7 21.Qa2 b5 22.Nxb5 Nxb5
23.Qxc4+ Kh8 24.Qxb5 Nc7 25.Qa5 Qxe4 26.Rfe1 Qc6 27.d5 Nxd5 28.Nh2 Bxg3 29.fxg3 Qc3
30.Qxc3 Nxc3 31.Bf4 Bxg2 32.Bxb8 Nxd1 33.Bxa7  1-0

[Event "76th ch-GER"]
[Site "Altenkirchen GER"]
[Date "2005.02.25"]
[Round "8"]
[White "Gustafsson,J"]
[Black "Baramidze,D"]
[Result "1/2-1/2"]
[WhiteElo "2616"]
[BlackElo "2550"]

1.d4 d5 2.c4 e6 3.Nf3 Nf6 4.g3 Be7 5.Bg2 O-O 6.O-O dxc4 7.Qc2 a6 8.Qxc4 b5
9.Qc2 Bb7 10.Bd2 Nc6 11.e3 Nb4 12.Bxb4 Bxb4 13.a3 Bd6 14.Nbd2 Rc8 15.e4 Be7
16.e5 Nd7 17.b4 Bd5 18.Nb3  1/2-1/2

[Event "76th ch-GER"]
[Site "Altenkirchen GER"]
[Date "2005.02.25"]
[Round "8"]
[White "Bischoff,D"]
[Black "Namyslo,H"]
[Result "1/2-1/2"]
[WhiteElo "2145"]
[BlackElo "2314"]

1.d4 Nf6 2.c4 e6 3.Nf3 d5 4.g3 Be7 5.Bg2 O-O 6.O-O dxc4 7.Qc2 a6 8.Qxc4 b5
9.Qc2 Bb7 10.Bd2 Be4 11.Qc1 b4 12.Bg5 Nbd7 13.Nbd2 Bb7 14.Nb3 a5 15.Rd1 h6
16.Bxf6 Nxf6 17.Nc5 Bd5 18.Qc2 Bxc5 19.Qxc5 Qd6 20.Rdc1 Qa6 21.Bf1 Ne4 22.Qxc7 Rac8
23.Qf4 Qb7 24.Ne5 Rxc1 25.Qxc1 a4 26.f3 Nd6 27.e4 Rc8 28.Qd1 Bc6 29.Rc1 Be8
30.Kg2 f6 31.Nd3 Rxc1 32.Qxc1 Bf7 33.Qc5 Nxe4 34.fxe4 Qxe4+ 35.Kg1 Qe3+ 36.Nf2 Qd2
37.a3 Qxb2 38.Qxb4 Qxb4 39.axb4 e5 40.Nd3 a3 41.Nc1 Kf8 42.dxe5 fxe5 43.b5 Ke7
44.b6 Kd6 45.Bg2 a2 46.Nxa2 Bxa2 47.Be4 Bc4 48.Kf2 g5 49.Ke3 Bb5 50.Kd2 h5
51.Kc3 Be2 52.Kb4 h4 53.b7 Kc7 54.Kc5 hxg3 55.hxg3 Bd1 56.Kd5 Kxb7 57.Kxe5+ Kc7
58.Kf5 g4 59.Kg5 Kd6 60.Bf5 Ke7 61.Bxg4 Bb3 62.Bf5 Kf8 63.Kf4 Kg7 64.Bc2  1/2-1/2

[Event "TCh-SWE Elitserien 2004-5"]
[Site "Sweden SWE"]
[Date "2005.02.26"]
[Round "8"]
[White "Sjodahl,P"]
[Black "Vernersson,P"]
[Result "0-1"]
[WhiteElo "2422"]
[BlackElo "2406"]

1.d4 d5 2.c4 e6 3.Nf3 Nf6 4.g3 Be7 5.Bg2 O-O 6.Qc2 c5 7.O-O cxd4 8.Nxd4 Qb6
9.Nb3 Qc7 10.Na3 Bxa3 11.bxa3 dxc4 12.Nd2 c3 13.Bb2 Nd5 14.Bxd5 exd5 15.Qxc3 Qxc3
16.Bxc3 Nc6 17.Nb3 Re8 18.Rfe1 b6 19.Rad1 Ba6 20.Rxd5 Bxe2 21.Rg5 g6 22.Nd4 Nxd4
23.Bxd4 f5  0-1

[Event "Millennium Open"]
[Site "Virginia Beach USA"]
[Date "2005.02.27"]
[Round "4"]
[White "Wojtkiewicz,A"]
[Black "Mahesh Chandran,P"]
[Result "1-0"]
[WhiteElo "2536"]
[BlackElo "2472"]

1.Nf3 Nf6 2.c4 e6 3.g3 d5 4.d4 Be7 5.Bg2 O-O 6.O-O dxc4 7.Ne5 Nc6 8.Bxc6 bxc6
9.Nxc6 Qd6 10.Qa4 Nd5 11.Nxe7+ Nxe7 12.Rd1 e5 13.dxe5 Qe6 14.Nc3 Bb7 15.Qd7 Nc6
16.Qxe6 fxe6 17.f4 Nb4 18.Bd2 Rfd8 19.Na4 Bc6 20.Nc5 Nc2 21.Rac1 Nd4 22.Kf2 Rd5
23.Bb4 Rb8 24.Ba3 Nb5 25.Nxe6 c3 26.Ke3 Kf7 27.Nd4 Rbd8 28.Nxc6 Rxd1 29.Nxd8+ Rxd8
30.Rc2 a5 31.Bc5 Rd5 32.a4 cxb2 33.Rxb2 Nc3 34.Rc2  1-0

[Event "XI Anibal Open"]
[Site "Linares ESP"]
[Date "2005.03.02"]
[Round "7"]
[White "Matnadze,A"]
[Black "Navarro,R"]
[Result "1-0"]
[WhiteElo "2376"]
[BlackElo "2241"]

1.d4 d5 2.Nf3 Nf6 3.g3 e6 4.Bg2 Be7 5.c4 O-O 6.Nc3 Nbd7 7.O-O dxc4 8.e4 c5
9.d5 Nb6 10.d6 Qxd6 11.Qxd6 Bxd6 12.e5 Be7 13.exf6 Bxf6 14.Be3 Be7 15.Rfd1 f6
16.a4 a5 17.Ne4 Nd7 18.Bf1 f5 19.Nd6  1-0

[Event "Sozina Open"]
[Site "Bar SCG"]
[Date "2005.03.04"]
[Round "1"]
[White "Blagojevic,D"]
[Black "Cela,S"]
[Result "1/2-1/2"]
[WhiteElo "2537"]
[BlackElo "2248"]

1.d4 Nf6 2.c4 e6 3.g3 d5 4.Nf3 Be7 5.Bg2 O-O 6.O-O dxc4 7.Qc2 a6 8.a4 Nc6
9.Qxc4 Qd5 10.Qxd5 exd5 11.Bf4 Bg4 12.Rd1 Na5 13.Nbd2 Rac8 14.Rac1 c5 15.dxc5 Rxc5
16.Rxc5 Bxc5 17.Kf1 Re8 18.Bc7 Nc6 19.Nb3 Ba7 20.h3  1/2-1/2

[Event "6th Karpov"]
[Site "Poikovsky RUS"]
[Date "2005.03.04"]
[Round "6"]
[White "Grischuk,A"]
[Black "Bologan,V"]
[Result "1/2-1/2"]
[WhiteElo "2710"]
[BlackElo "2683"]

1.d4 Nf6 2.c4 e6 3.g3 d5 4.Bg2 Be7 5.Nf3 O-O 6.O-O dxc4 7.Qc2 a6 8.Qxc4 b5
9.Qc2 Bb7 10.Bd2 Be4 11.Qc1 Qc8 12.Bg5 Nbd7 13.Nbd2 Bb7 14.Nb3 c5 15.Bxf6 gxf6
16.Qf4 Qb8 17.Qh4 cxd4 18.Rad1 Ra7 19.Rxd4 Bxf3 20.exf3 Ne5 21.Qh6 f5 22.h3 Rd8
23.Rfd1 Rxd4 24.Rxd4 Rc7 25.f4 Nc4 26.g4 Qf8 27.Qh5 Bf6 28.Rd3 Nxb2 29.Rg3 Kh8
30.gxf5 e5 31.fxe5 Bxe5 32.Rg4 Bf6 33.Nd2 Rc1+ 34.Bf1 Rc6 35.Bg2 Rc1+ 36.Bf1 Rc6
37.Ne4 h6 38.Bg2 Nc4 39.Ng5 Rc7 40.Ne4 Rc6 41.Kh1 Ne5 42.Rg3 Nd7 43.Qd1 Nc5
44.Nxf6 Rxf6 45.Rc3 Rxf5 46.Qc2 Re5 47.f4 Re1+ 48.Kh2 Na4 49.Qd2 Rd1 50.Qxd1 Nxc3
51.Qd4+ Qg7 52.Qd8+ Kh7 53.a3 Qg6 54.Qd4 Qg3+ 55.Kh1 a5 56.Qf6 Qg7 57.Qf5+ Qg6
58.Qe5 b4 59.Kh2 Qb6 60.f5 Qb5 61.Qf6 Qc4 62.axb4 axb4 63.Qe5 Nb5 64.Bd5 Qc1
65.Bxf7 Qc7 66.Qxc7 Nxc7 67.Bc4 Kg7 68.Kg3 Ne8 69.Kf4 Kf6 70.Bb3 Nd6 71.Be6 Nb7
72.Ke3 Nc5 73.Bg8 Kxf5 74.Kd4 Ne6+ 75.Kc4 Nf4 76.Kxb4 Nxh3 77.Bf7 Nf4 78.Kc4 Ke5  1/2-1/2

[Event "Sozina Open"]
[Site "Bar SCG"]
[Date "2005.03.05"]
[Round "2"]
[White "Damljanovic,B"]
[Black "Ivanovic,B"]
[Result "1-0"]
[WhiteElo "2587"]
[BlackElo "2428"]

1.d4 d5 2.Nf3 Nf6 3.c4 e6 4.g3 Be7 5.Bg2 O-O 6.O-O dxc4 7.Qc2 a6 8.Qxc4 b5
9.Qc2 Bb7 10.Bf4 Nd5 11.Nbd2 Nd7 12.Nb3 c5 13.dxc5 Rc8 14.Rad1 Bxc5 15.Nxc5 Rxc5
16.Qd2 Nxf4 17.Qxf4 Qc7 18.Qxc7 Rxc7 19.Rd6 Nf6 20.Rfd1 g6 21.Ne1 Bxg2 22.Kxg2 Ra8
23.Rd8+ Rxd8 24.Rxd8+ Kg7 25.Ra8 Rc6 26.Nd3 Rd6 27.Ra7 Nd7 28.f4 Kf8 29.Kf3 Ke8
30.g4 h5 31.g5 Rb6 32.b4 Rd6 33.Ke4 Kd8 34.Ke3 Ke8 35.Nc5 Nxc5 36.bxc5 Rd5
37.c6 Rf5 38.Ra8+  1-0

[Event "ch-RUS u20g"]
[Site "Nojabrsk RUS"]
[Date "2005.03.06"]
[Round "5"]
[White "Nebolsina,V"]
[Black "Guseva,M"]
[Result "1/2-1/2"]
[WhiteElo "2284"]
[BlackElo "2261"]

1.d4 d5 2.Nf3 Nf6 3.c4 e6 4.g3 Be7 5.Bg2 O-O 6.O-O b6 7.Nc3 Bb7 8.cxd5 exd5
9.Bf4 Nbd7 10.Ne5 c5 11.dxc5 Nxc5 12.Nb5 Nfe4 13.Nd4 Qe8 14.Bh3 f6 15.Nef3 Qh5
16.Kg2 f5 17.Be3 a5 18.Ne5 Bd6 19.f4 Rae8 20.Bxf5 Bxe5 21.fxe5 Rxe5 22.Bh3 Rxf1
23.Qxf1 Nxg3 24.hxg3 Rxe3 25.Qf2 Re8 26.Rf1 Qg6 27.Nf5 Qf6 28.Nh6+ Kh8 29.Nf7+ Kg8
30.Nh6+  1/2-1/2

[Event "NWAPA Rector Cup"]
[Site "St Petersburg RUS"]
[Date "2005.03.07"]
[Round "6"]
[White "Korniushin,N"]
[Black "Bets,A"]
[Result "1/2-1/2"]
[WhiteElo "2454"]
[BlackElo "2365"]

1.d4 Nf6 2.c4 e6 3.g3 d5 4.Bg2 Be7 5.Nf3 O-O 6.O-O Ne4 7.Ne5 Nd7 8.Nxd7 Bxd7
9.cxd5 exd5 10.Qb3 Bc6 11.Nc3 Nxc3 12.bxc3 Re8 13.Re1 Bf6 14.Bf4 Qd7 15.a4 a5
16.f3 b5 17.axb5 Bxb5 18.e4 c6 19.Qc2 a4 20.Bc1  1/2-1/2

[Event "IRT Eduardo Orosco"]
[Site "Pinamar ARG"]
[Date "2005.03.08"]
[Round "1"]
[White "Babo,M"]
[Black "Samur,A"]
[Result "0-1"]
[WhiteElo "2047"]
[BlackElo "2164"]

1.d4 e6 2.Nf3 d5 3.g3 Nf6 4.Bg2 Be7 5.c4 O-O 6.O-O c6 7.cxd5 exd5 8.Bf4 Nbd7
9.a3 Re8 10.Nc3 Nf8 11.Qc2 Ne6 12.Bd2 g6 13.Rfd1 Ng7 14.Bf4 Bf5 15.Qb3 Qb6
16.Qxb6 axb6 17.Ne5 b5 18.f3 Ne6 19.e4 Nxf4 20.gxf4 Be6 21.Nd3 Red8 22.e5 Nh5
23.Ne2 Ra4 24.b3 Ra7 25.a4 bxa4 26.bxa4 Rda8 27.Nb2 b5 28.Rdc1 Bd7 29.f5 Bg5
30.Rc3 Bd2 31.Rd3 Bb4 32.Bh3 bxa4 33.e6 fxe6 34.fxe6 Be8 35.f4 a3 36.Nd1 c5
37.f5 Bb5 38.Re3 cxd4 39.Nxd4 Ba4 40.Bg2 Nf6 41.Kh1 a2 42.Nb2 Bc5 43.Rd3 Ne4
44.Bxe4 dxe4 45.Rd2 e3 46.Rd3 e2 47.Nxa4 Bxd4 48.Rxd4 Rxa4 49.e7 Rxd4  0-1

[Event "FSGM March"]
[Site "Budapest HUN"]
[Date "2005.03.09"]
[Round "5"]
[White "Lagowski,P"]
[Black "Papp,Ga"]
[Result "1/2-1/2"]
[WhiteElo "2389"]
[BlackElo "2477"]

1.d4 Nf6 2.Nf3 e6 3.c4 d5 4.g3 Be7 5.Bg2 O-O 6.Qc2 c6 7.O-O b6 8.Rd1 Nbd7
9.b3 Ba6 10.Nc3 Rc8 11.e4 dxc4 12.Bf4 b5 13.bxc4 bxc4 14.d5 cxd5 15.exd5 exd5
16.Nxd5 Nxd5 17.Rxd5 Rc5 18.Rdd1 Qc8 19.Bh3 f5 20.Be3 Ne5 21.Nxe5 Rxe5 22.Bd4 Rd5
23.Bxa7 Bb7 24.Bf1 Rxd1 25.Rxd1 c3 26.Qb3+ Kh8 27.Bc4 Bf6 28.Be3 Bf3 29.Rc1 Rd8
30.Be6 Qa8 31.Bxf5 Bh1 32.Bh3 Bd5 33.Qc2 Be4 34.Qb3 Bd5 35.Qc2 Be4 36.Qb3 c2
37.Bf1 Rb8 38.Qc4 Bb2 39.Rxc2 Bxc2 40.Qxc2 Qxa2 41.Qe4 Qa1 42.Kg2 Qa8 43.Qxa8 Rxa8
44.Bd3 Rd8 45.Be4 g6 46.f3 Kg7 47.h4 Be5 48.f4 Bf6 49.f5 Rb8 50.fxg6 hxg6
51.Bf4 Rb4 52.Kf3 Bc3 53.Bc2 Rb2 54.Be4 Bd4 55.Kg4 Rb3 56.h5  1/2-1/2

[Event "FSGM March"]
[Site "Budapest HUN"]
[Date "2005.03.11"]
[Round "7"]
[White "Ilincic,Z"]
[Black "Papp,Ga"]
[Result "0-1"]
[WhiteElo "2502"]
[BlackElo "2477"]

1.d4 Nf6 2.c4 e6 3.Nf3 d5 4.g3 Be7 5.Bg2 O-O 6.O-O c6 7.Qc2 b6 8.Rd1 Nbd7
9.a4 Ba6 10.b3 Rc8 11.a5 b5 12.c5 b4 13.e3 e5 14.dxe5 Ne4 15.Bb2 Nexc5 16.Bh3 Qc7
17.Ra2 Rb8 18.Bd4 Ne6 19.Ba1 c5 20.Rxd5 c4 21.Bf1 cxb3 22.Qxb3 Ndc5 23.Qd1 b3
24.Rad2 Bb7 25.Rd6 Ne4 26.Nd4 Nxd2 27.Nxd2 Bxd6 28.exd6 Qxd6 29.Nf5 Qb4 30.Nc4 Be4
31.Nxg7 Nxg7 32.Qd4 f6 33.Qxe4 Rbd8 34.Bd4 b2 35.Nxb2 Rxd4 36.Qxd4 Qxd4 37.exd4 Rd8
38.d5 Kf8 39.Bc4 Ke7 40.Nd1 Nf5 41.a6 h6 42.Kg2 Kd6 43.Bd3 Ne7 44.Ne3 Nxd5
45.Nxd5 Kxd5 46.Kf3 Ke5 47.Be4 f5 48.Bb7 Rd3+ 49.Kg2 Ra3 50.Bc8 Ra2 51.Kf3 Ra3+
52.Kg2 Ke4 53.Bb7+ Kd3 54.Kf3 Ra4 55.Bc6 Ra2 56.Bd7 Kd2 57.Kf4 Ke1 58.f3 Rxa6
59.Bxf5 Kf2 60.g4 Ra1 61.h4 Rh1 62.h5 a5 63.Bd7 Rd1 64.Bf5 a4 65.g5 Rh1 66.gxh6 Rxh5
67.h7 a3 68.Bb1 Rxh7  0-1

[Event "TCh-SWE Elitserien 2004-5"]
[Site "Malmo SWE"]
[Date "2005.03.12"]
[Round "10"]
[White "Akesson,R"]
[Black "Wengholm,A"]
[Result "1-0"]
[WhiteElo "2467"]
[BlackElo "2175"]

1.d4 d5 2.c4 e6 3.Nf3 Nf6 4.g3 Be7 5.Bg2 O-O 6.O-O c6 7.Qc2 b6 8.Rd1 Bb7
9.Nc3 Nbd7 10.b3 Rc8 11.e4 dxe4 12.Nxe4 Nxe4 13.Qxe4 Nf6 14.Qe2 Rc7 15.Bf4 Rd7
16.Rd2 Qa8 17.Ne5 Rdd8 18.Qf3 Rc8 19.Rad1 a5 20.h4 Qa7 21.g4 Ba8 22.g5 Nd7
23.Qg4 Rfd8 24.h5 Nf8 25.Rd3 a4 26.g6 fxg6 27.hxg6 hxg6 28.Nxg6 Bf6 29.Nxf8 Kxf8
30.Qxe6  1-0

[Event "Bundesliga 2004-5"]
[Site "Stuttgart GER"]
[Date "2005.03.13"]
[Round "13"]
[White "Ftacnik,L"]
[Black "Ribli,Z"]
[Result "1-0"]
[WhiteElo "2539"]
[BlackElo "2603"]

1.c4 e6 2.Nf3 Nf6 3.g3 d5 4.d4 Be7 5.Bg2 O-O 6.O-O dxc4 7.Qc2 a6 8.Qxc4 b5
9.Qc2 Bb7 10.Bd2 Be4 11.Qc1 Nbd7 12.Ba5 Rc8 13.Nbd2 Ba8 14.Qc2 Qe8 15.b4 Nd5
16.a3 f5 17.Rae1 Qh5 18.Qb3 Rce8 19.e4 fxe4 20.Nxe4 Qg6 21.Nc5 Nxc5 22.bxc5 Bf6
23.Bd2 Re7 24.Re2 h6 25.Rfe1 Qf7 26.h4 Bb7 27.g4 Ree8 28.g5 hxg5 29.hxg5 Bd8
30.c6 Bc8 31.Ne5 Qh5 32.Qg3 Ne7 33.Bf3 Rxf3 34.Qxf3 Qxf3 35.Nxf3 Nxc6 36.d5 Rf8
37.dxc6 Rxf3 38.Re3 Rf7 39.Rd3 Be7 40.Bb4 Bxg5 41.Red1  1-0

[Event "Spring Festival"]
[Site "Budapest HUN"]
[Date "2005.03.19"]
[Round "2"]
[White "Nadasi,B"]
[Black "Lengyel,B"]
[Result "0-1"]
[WhiteElo "2108"]
[BlackElo "2313"]

1.d4 d5 2.c4 e6 3.g3 Nf6 4.Bg2 Be7 5.Nf3 O-O 6.O-O dxc4 7.Ne5 Nc6 8.Nxc6 bxc6
9.Na3 Bxa3 10.bxa3 Nd5 11.Qc2 Ba6 12.e4 Nb6 13.Rd1 Bb5 14.Qc3 Qd7 15.Be3 Rfd8
16.Bf1 Na4 17.Qc2 c3 18.Rab1 a6 19.f3 h6 20.Rdc1 c5 21.dxc5 e5 22.Rd1 Qe8
23.Kf2 Qc6 24.Kg2 Bxf1+ 25.Kxf1 Rxd1+ 26.Qxd1 Nxc5 27.Rb4 Ne6 28.Qc2 Rd8
29.Rb3 Nd4 30.Qxc3 Qxc3 31.Rxc3 Nxf3 32.Rxc7 Nxh2+ 33.Ke2 Rb8 34.Ra7 Rb2+
35.Kd3 Rg2 36.Rxa6 Rxg3  0-1

[Event "Extraliga CZE 2004-5"]
[Site "Czech Rep CZE"]
[Date "2005.03.19"]
[Round "8"]
[White "Bernasek,J"]
[Black "Krejci,Jak"]
[Result "1/2-1/2"]
[WhiteElo "2389"]
[BlackElo "2257"]

1.d4 Nf6 2.c4 e6 3.g3 d5 4.Nf3 Be7 5.Bg2 O-O 6.O-O dxc4 7.Na3 Bxa3 8.bxa3 b5
9.a4 a6 10.Ba3 Re8 11.Ne5 Nd5 12.e4 Nf6 13.Rb1 c6 14.f4 Qc7 15.g4 Nfd7 16.Nxd7 Nxd7
17.e5 Nb6 18.Bd6 Qd7 19.Qc2 f5 20.gxf5 exf5 21.axb5 axb5 22.Rf3 Nd5 23.Qf2 Qf7
24.Rh3 Be6 25.a3 Ra4 26.Bc5 Qd7 27.Qh4 g6 28.Qf2 Nc7 29.Bf3 Bd5 30.Bd1 Ra6
31.Bc2 Ne6 32.Bd6 Qf7 33.Rg3 Kh8 34.h4 Rg8 35.Kh2 Raa8 36.Rbg1 h5 37.Qd2 Kh7
38.Ra1 Qa7 39.Rd1 Qd7 40.Rdg1 Qd8 41.Kh3 Qd7 42.Kh2 Qd8 43.Kh3 Qd7 44.Kh2  1/2-1/2

[Event "Spring Festival"]
[Site "Budapest HUN"]
[Date "2005.03.20"]
[Round "3"]
[White "Korpics,Z"]
[Black "Wolter,M"]
[Result "1-0"]
[WhiteElo "2349"]
[BlackElo "2193"]

1.d4 d5 2.c4 e6 3.Nf3 Nf6 4.g3 Be7 5.Bg2 O-O 6.O-O b6 7.Nc3 Bb7 8.Ne5 Na6
9.cxd5 exd5 10.Bf4 c5 11.Rc1 cxd4 12.Qxd4 Bc5 13.Qd2 Re8 14.Nd3 Be7 15.Nb5 Ne4
16.Qd1 g5 17.Be5 f6 18.Bd4 Qd7 19.a4 Bc6 20.e3 Bxb5 21.axb5 Qxb5 22.h4 Nac5
23.Nxc5 bxc5 24.Bxc5 Rad8 25.Bxe7 Rxe7 26.hxg5 Qxb2 27.Bxe4 Rxe4 28.Rc5 Qe5
29.gxf6 Qxf6 30.Rxd5 Rde8 31.Rd7 Qg6 32.Qd5+ Kh8 33.Kg2 R4e5 34.Qd4 Qc6+
35.Kg1  1-0

[Event "11th Schloss Open"]
[Site "Werther GER"]
[Date "2005.03.20"]
[Round "4"]
[White "Hoffmann,Al1"]
[Black "Zupe,M"]
[Result "1/2-1/2"]
[WhiteElo "2428"]
[BlackElo "2394"]

1.Nf3 d5 2.d4 Nf6 3.c4 e6 4.g3 Be7 5.Bg2 O-O 6.O-O dxc4 7.Qc2 a6 8.Qxc4 b5
9.Qc2 Bb7 10.Bd2 Nc6 11.e3 Qb8 12.a3 Rc8 13.Nc3 Nd8 14.b4 Nd7 15.Ne4 f5 16.Nc3 Nf6
17.Ne1 Bxg2 18.Nxg2 Qb6 19.Nf4 Bd6 20.Nfe2 Qc6 21.f3 Nd5 22.e4 Nxc3 23.Nxc3 Qd7
24.Be3 a5 25.Qb3 axb4 26.axb4 Nf7 27.e5 Bf8 28.Ne2 c6 29.Nf4 Nd8 30.h4 Ra7  1/2-1/2

[Event "Ettinger It"]
[Site "Givataim ISR"]
[Date "2005.03.22"]
[Round "3"]
[White "Khmelniker,I"]
[Black "Gerzhoy,L"]
[Result "1/2-1/2"]
[WhiteElo "2458"]
[BlackElo "2381"]

1.d4 Nf6 2.c4 e6 3.g3 d5 4.Bg2 Be7 5.Nf3 O-O 6.O-O dxc4 7.Qc2 a6 8.a4 Bd7
9.Qxc4 Bc6 10.Bf4 a5 11.Nc3 Na6 12.Rac1 Nb4 13.Rfd1 Nbd5 14.Ne5 Nxf4 15.Bxc6 Nh3+
16.Kg2 Nxf2 17.Bxb7 Nxd1 18.Nxd1 Bd6 19.Nc6 Qd7 20.Bxa8 Rxa8 21.Ne3 h5 22.Qb5 h4
23.Nc4 Ng4 24.e4 hxg3 25.hxg3 f5 26.N6e5 Qxb5 27.axb5 Bxe5 28.Nxe5 Nxe5 29.dxe5 fxe4
30.Rxc7 Rd8 31.Kf2 Rd2+ 32.Ke3 Rxb2 33.Rc5 a4 34.Rc4 Rxb5 35.Rxa4 Rxe5 36.Kf4 Rf5+
37.Kxe4 Kf7 38.Ra7+ Kf6 39.Ra8 Rb5 40.Kf3 Rb3+ 41.Kg4 Rb4+ 42.Kf3 Kg5 43.Re8 Rb3+
44.Kf2 Kf6 45.Rf8+ Kg5 46.Rf4 Kg6 47.Rg4+ Kf6 48.Rf4+ Ke5 49.Rg4 Rb7 50.Ke3 Kf5
51.Rf4+ Kg5 52.Re4 Rb6 53.Kf3 g6 54.Rg4+ Kf6 55.Rf4+ Ke5 56.Ra4  1/2-1/2

[Event "Third Sat A"]
[Site "Novi Sad SCG"]
[Date "2005.03.22"]
[Round "5"]
[White "Lundin,J"]
[Black "Dumpor,A"]
[Result "1-0"]
[WhiteElo "2274"]
[BlackElo "2361"]

1.d4 Nf6 2.c4 e6 3.g3 d5 4.Nf3 Be7 5.Bg2 O-O 6.O-O Nbd7 7.Nbd2 c5 8.cxd5 Nxd5
9.e4 N5f6 10.e5 Nd5 11.Nb3 b6 12.dxc5 bxc5 13.Re1 Bb7 14.Nfd2 a5 15.Nc4 a4
16.Nbd2 N7b6 17.Qg4 Kh8 18.Qh3 Rb8 19.Be4 g6 20.Na5 Ba8 21.Nf3 Nd7 22.Nc4 Rb4
23.Qf1 N5b6 24.Ncd2 Nd5 25.a3 Rb8 26.Nc4 Kg7 27.Qh3 h5 28.Bd2 Rh8 29.Rad1 N7b6
30.Ba5 Qe8 31.Bxb6 Nxb6 32.Nd6 Bxd6 33.exd6 Bxe4 34.Rxe4 Qc6 35.Ng5 Rb7 36.Qh4 Nd5
37.Rxe6 fxe6 38.Nxe6+ Kf7 39.Qe4 Ne7 40.Qe5 Rd7 41.Qxh8 Kxe6 42.Re1+ Kxd6
43.Qe5+  1-0

[Event "Ettinger It"]
[Site "Givataim ISR"]
[Date "2005.03.24"]
[Round "5"]
[White "Khmelniker,I"]
[Black "Haimovich,T"]
[Result "0-1"]
[WhiteElo "2458"]
[BlackElo "2382"]

1.d4 Nf6 2.c4 e6 3.Nf3 d5 4.g3 Be7 5.Bg2 O-O 6.Qc2 c5 7.O-O cxd4 8.Nxd4 Qb6
9.Be3 Bc5 10.Nc3 Bxd4 11.Na4 Bxe3 12.Nxb6 Bxb6 13.c5 Bd8 14.b4 Bd7 15.a4 Be7
16.Rfd1 Rc8 17.a5 Na6 18.Qb2 Bb5 19.Rac1 Rd8 20.Bf1 Nc7 21.f3 Nd7 22.e4 Bf6
23.Qf2 dxe4 24.fxe4 Ne5 25.Rd6 a6 26.Rcd1 Rdc8 27.h3 Bc6 28.Qe3 h6 29.h4 Ba4
30.Rc1 Bb5 31.Bg2 Rab8 32.Rdd1 Nc6 33.Rb1 Rd8 34.Kh1 Bd4 35.Qf4 Be5 36.Qe3 Rxd1+
37.Rxd1 Nxb4 38.Rb1 Nc6 39.Bf1 Bxf1 40.Rxf1 Nb5 41.g4 Rd8 42.g5 hxg5 43.hxg5 g6
44.Qf3 Rd7 45.Rd1 Nbd4 46.Qf2 Nxa5 47.Kg2 Nac6 48.Rb1 Nb5 49.Rf1 Nc3 50.Qf3 a5
51.Rc1 Rd2+ 52.Kh3 Ne2  0-1

[Event "XXXXII Open"]
[Site "La Roda ESP"]
[Date "2005.03.24"]
[Round "2"]
[White "Minzer,C"]
[Black "Garcia Galeote,L"]
[Result "1-0"]
[WhiteElo "2423"]
[BlackElo "2118"]

1.Nf3 d5 2.c4 e6 3.d4 Nf6 4.g3 Be7 5.Bg2 O-O 6.O-O c6 7.Qc2 b6 8.Nc3 Bb7
9.Rd1 Na6 10.a3 Qc7 11.Bf4 Bd6 12.Bxd6 Qxd6 13.e4 Qc7 14.e5 Nd7 15.Ng5 g6
16.cxd5 cxd5 17.Qd2 h6 18.Nh3 Kg7 19.Nf4 Rae8 20.Re1 Re7 21.h4 Rc8 22.Rac1 Qb8
23.Nb5 Rc6 24.Nd6 Nf8 25.b4 Nc7 26.h5 Ne8 27.hxg6 fxg6 28.Nxe8+ Rxe8 29.b5 Rxc1
30.Rxc1 Rc8 31.Bh3 Rxc1+ 32.Qxc1 Kf7 33.Qc2 g5 34.Nxe6 Nxe6 35.Qf5+ Kg7 36.Qf6+  1-0